Pharrell / The Neptunes Charting Songs (Billboard Hot Dance) - Statistics

General Stats
  • This quiz has been taken 18 times
    7 since last reset
  • The average score is 3 of 7
Answer Stats
Album Weeks On Peak Artist(s) Song % Correct
Random Access Memories 55 Weeks #1 Daft Punk ft. Pharrell Williams Get Lucky
86%
Funk Wav Bounces Vol. 1 26 Weeks #1 Calvin Harris ft. Pharrell Williams, Katy Perry & Big Sean Feels
71%
Funk Wav Bounces Vol. 2 20 Weeks #9 Calvin Harris, Justin Timberlake, Halsey & Pharrell Williams Stay With Me
43%
Random Access Memories 27 Weeks #10 Daft Punk ft. Pharrell Williams Lose Yourself to Dance
29%
Non-Album Single 15 Weeks #15 deadmau5 & The Neptunes Pomegranate
29%
Hyperion 2 Weeks #31 Gesaffelstein ft. Pharrell Williams Blast Off
14%
Funk Wav Bounces Vol. 1 20 Weeks #13 Calvin Harris ft. Young Thug, Pharrell Williams & Ariana Grande Heatstroke
14%
No matching quizzes found
Score Distribution
Percent of People with Each Score
Percentile by Number Answered
Your Score History
You have not taken this quiz since the last reset